000
00247nam a22000977a 4500
041
_a
ukr
245
_a
Поліс
260
_a
К.
_c
№4 від 4.09.05
300
_a
25
_b
Журнал
520
_a
Зміст: Автор Соколоава С. С. Історія
942
_c
BK
999
_c
181934
_d
181934